书目信息 |
| 题名: |
土力学与地基基础
|
|
| 作者: | 张力霆 主编 | |
| 分册: | ||
| 出版信息: | 北京 高等教育出版社 2002.07 |
|
| 页数: | 362页 | |
| 开本: | 26cm | |
| 丛书名: | ||
| 单 册: | ||
| 中图分类: | TU4-43 | |
| 科图分类: | ||
| 主题词: | 土力学 , 地基--基础(工程) | |
| 电子资源: | ||
| ISBN: | 7-04-010772-4 | |
| 000 | 00615nam0 2200217 45 | |
| 001 | 0231570705 | |
| 005 | 20081023085057.09 | |
| 010 | @a7-04-010772-4@dRMB 26.70 | |
| 100 | @a20020611d2002 km y0chiy0120 ea | |
| 101 | 0 | @achi |
| 102 | @aCN@b110000 | |
| 200 | 1 | @a土力学与地基基础@ATu Li Xue Yu Di Ji Ji Chu@f张力霆主编@Fzhang li ting zhu bian |
| 210 | @a北京@c高等教育出版社@d2002.07 | |
| 215 | @a362页@d26cm | |
| 300 | @a教育部高职高专规划教材 | |
| 606 | 0 | @a土力学 |
| 606 | 0 | @a地基@x基础(工程) |
| 690 | @aTU4-43@v3 | |
| 701 | 0 | @a张力霆@Azhang li ting@4主编 |
| 801 | 0 | @aCN@c20081023 |
| 905 | @dTU4-43@eZ130 | |
| 土力学与地基基础/张力霆主编.-北京:高等教育出版社,2002.07 |
| 362页;26cm |
| 教育部高职高专规划教材 |
| ISBN 7-04-010772-4:RMB 26.70 |
| ● |
| 相关链接 |
|
|
|
正题名:土力学与地基基础
索取号:TU4-43/Z130
 
预约/预借
| 序号 | 登录号 | 条形码 | 馆藏地/架位号 | 状态 | 备注 |
| 1 | 361769 | 203617693 | 建筑库101/101建筑库 93排4列2层/ [索取号:TU4-43/Z130] | 在馆 | |
| 2 | 361770 | 203617700 | 建筑库101/ [索取号:TU4-43/Z130] |
已借出,限还日期为2010.02.19 借出人:宋锦虎 |
|
| 3 | 361771 | 203617719 | 土木与交通工程学院资料室/土木与交通学院资料室 1排1列1层/ [索取号:TU4-43/Z130] | 在馆 | |
| 4 | 458430 | 204584306 | 建筑库101/101建筑库 93排4列2层/ [索取号:TU4-43/Z130] | 在馆 | |
| 5 | 458431 | 204584315 | 土木与交通工程学院资料室/土木与交通学院资料室 1排1列1层/ [索取号:TU4-43/Z130] | 在馆 | |
| 6 | 458432 | 204584324 | 土木与交通工程学院资料室/土木与交通学院资料室 1排1列1层/ [索取号:TU4-43/Z130] | 在馆 | |
| 7 | 458433 | 204584333 | 建筑库101/101建筑库 93排4列2层/ [索取号:TU4-43/Z130] | 在馆 | |
| 8 | 458434 | 204584342 | 土木与交通工程学院资料室/土木与交通学院资料室 1排1列1层/ [索取号:TU4-43/Z130] | 在馆 | |
| 9 | 458435 | 204584351 | 建筑库101/101建筑库 93排4列2层/ [索取号:TU4-43/Z130] | 在馆 | |
| 10 | 458436 | 204584360 | 建筑库101/101建筑库 93排4列2层/ [索取号:TU4-43/Z130] | 在馆 | |
| 11 | 458437 | 204584379 | 土木与交通工程学院资料室/土木与交通学院资料室 1排1列1层/ [索取号:TU4-43/Z130] | 在馆 |